Cities on US Route 21 - Statistics

General Stats
  • This quiz has been taken 8 times
  • The average score is 6 of 8
Answers on the Map
Answers color-coded by a green-red scale on the quiz's map according to % correct below.
 
Answer Stats
State County Answer % Correct
South Carolina Beaufort Beaufort
100%
North Carolina Mecklenburg Charlotte
100%
South Carolina Richland Columbia
100%
South Carolina Orangeburg Orangeburg
100%
South Carolina York Rock HIll
67%
South Carolina Lexington West Columbia
67%
South Carolina Lexington Cayce
33%
North Carolina Iredell Statesville
33%
No matching quizzes found
Score Distribution
Percent of People with Each Score
Percentile by Number Answered
Your Score History
You have not taken this quiz